export_success — 

Leveraging Data Science for Global Health.

Bibliographic Details
Main Author: Celi, Leo Anthony.
Other Authors: Majumder, Maimuna S., Ordóñez, Patricia., Osorio, Juan Sebastian., Paik, Kenneth E., Somai, Melek.
Format: eBook
Language:English
Published: Cham : Springer International Publishing AG, 2020.
Edition:1st ed.
Subjects:
Online Access:Click to View
LEADER 01641nam a22004213i 4500
001 EBC6978213
003 MiAaPQ
005 20231204023224.0
006 m o d |
007 cr cnu||||||||
008 231204s2020 xx o ||||0 eng d
020 |a 9783030479947  |q (electronic bk.) 
020 |z 9783030479930 
035 |a (MiAaPQ)EBC6978213 
035 |a (Au-PeEL)EBL6978213 
035 |a (OCoLC)1182515218 
040 |a MiAaPQ  |b eng  |e rda  |e pn  |c MiAaPQ  |d MiAaPQ 
050 4 |a R858-859.7 
100 1 |a Celi, Leo Anthony. 
245 1 0 |a Leveraging Data Science for Global Health. 
250 |a 1st ed. 
264 1 |a Cham :  |b Springer International Publishing AG,  |c 2020. 
264 4 |c ©2020. 
300 |a 1 online resource (471 pages) 
336 |a text  |b txt  |2 rdacontent 
337 |a computer  |b c  |2 rdamedia 
338 |a online resource  |b cr  |2 rdacarrier 
588 |a Description based on publisher supplied metadata and other sources. 
590 |a Electronic reproduction. Ann Arbor, Michigan : ProQuest Ebook Central, 2023. Available via World Wide Web. Access may be limited to ProQuest Ebook Central affiliated libraries.  
655 4 |a Electronic books. 
700 1 |a Majumder, Maimuna S. 
700 1 |a Ordóñez, Patricia. 
700 1 |a Osorio, Juan Sebastian. 
700 1 |a Paik, Kenneth E. 
700 1 |a Somai, Melek. 
776 0 8 |i Print version:  |a Celi, Leo Anthony  |t Leveraging Data Science for Global Health  |d Cham : Springer International Publishing AG,c2020  |z 9783030479930 
797 2 |a ProQuest (Firm) 
856 4 0 |u https://ebookcentral.proquest.com/lib/matrademy/detail.action?docID=6978213  |z Click to View